[Event "DEM U10 2024"]
[Site "Willingen GER"]
[Date "2024.05.24"]
[Round "10"]
[White "Fattori Dittmar, Luca"]
[Black "Bentele, Otto"]
[Result "1-0"]
[Termination "normal"]
[Board "17"]
[WhiteElo "1782"]
[BlackElo "1538"]
[WhiteClock "01:17:59"]
[BlackClock "01:00:52"]
[PlyCount "134"]
[WhiteFideId "34678883"]
[BlackFideId "34653643"]
[EventCountry "GER"]
[EventRounds "11"]
[EventType "swiss"]
[EventDate "2024.05.18"]

1. e4 {[%clk 01:15:56]} {[%emt 00:00:03]} e5 {[%clk 01:15:57]} {[%emt
00:00:03]} 2. Nf3 {[%clk 01:15:55]} {[%emt 00:00:32]} Nc6 {[%clk 01:16:07]}
{[%emt 00:00:19]} 3. Bb5 {[%clk 01:16:09]} {[%emt 00:00:16]} Bc5 {[%clk
01:16:18]} {[%emt 00:00:19]} 4. O-O {[%clk 01:16:21]} {[%emt 00:00:18]} Nge7
{[%clk 01:16:25]} {[%emt 00:00:23]} 5. c3 {[%clk 01:16:38]} {[%emt 00:00:13]}
a6 {[%clk 01:16:32]} {[%emt 00:00:24]} 6. Bxc6 {[%clk 01:16:36]} {[%emt
00:00:32]} Nxc6 {[%clk 01:16:47]} {[%emt 00:00:14]} 7. d4 {[%clk 01:16:54]}
{[%emt 00:00:13]} Be7 {[%clk 01:14:17]} {[%emt 00:03:00]} 8. d5 {[%clk
01:16:57]} {[%emt 00:00:26]} Nb8 {[%clk 01:13:49]} {[%emt 00:00:58]} 9. Nxe5
{[%clk 01:17:14]} {[%emt 00:00:13]} d6 {[%clk 01:14:18]} {[%emt 00:00:02]} 10.
Nf3 {[%clk 01:17:14]} {[%emt 00:00:29]} Bg4 {[%clk 01:14:19]} {[%emt 00:00:29]}
11. h3 {[%clk 01:17:03]} {[%emt 00:00:41]} Bxf3 {[%clk 01:14:22]} {[%emt
00:00:27]} 12. Qxf3 {[%clk 01:17:15]} {[%emt 00:00:18]} O-O {[%clk 01:14:30]}
{[%emt 00:00:22]} 13. Bf4 {[%clk 01:16:57]} {[%emt 00:00:47]} Nd7 {[%clk
01:14:52]} {[%emt 00:00:10]} 14. Nd2 {[%clk 01:16:50]} {[%emt 00:00:36]} Ne5
{[%clk 01:14:51]} {[%emt 00:00:31]} 15. Bxe5 {[%clk 01:14:41]} {[%emt
00:02:39]} dxe5 {[%clk 01:15:05]} {[%emt 00:00:16]} 16. Rad1 {[%clk 01:14:25]}
{[%emt 00:00:46]} f6 {[%clk 01:14:38]} {[%emt 00:00:58]} 17. Qg3 {[%clk
01:14:19]} {[%emt 00:00:35]} b5 {[%clk 01:13:32]} {[%emt 00:01:36]} 18. c4
{[%clk 01:12:42]} {[%emt 00:02:08]} Qd7 {[%clk 01:13:05]} {[%emt 00:00:56]} 19.
Qg4 {[%clk 01:12:35]} {[%emt 00:00:36]} Qxg4 {[%clk 01:13:06]} {[%emt
00:00:29]} 20. hxg4 {[%clk 01:12:56]} {[%emt 00:00:09]} Rfd8 {[%clk 01:11:33]}
{[%emt 00:02:03]} 21. Rc1 {[%clk 01:12:29]} {[%emt 00:00:57]} Bb4 {[%clk
01:11:25]} {[%emt 00:00:39]} 22. Rfd1 {[%clk 01:11:58]} {[%emt 00:00:59]} Bd6
{[%clk 01:10:32]} {[%emt 00:01:23]} 23. c5 {[%clk 01:12:17]} {[%emt 00:00:10]}
Bf8 {[%clk 01:10:52]} {[%emt 00:00:10]} 24. Nf3 {[%clk 01:12:21]} {[%emt
00:00:27]} g6 {[%clk 01:10:56]} {[%emt 00:00:26]} 25. g5 {[%clk 01:11:55]}
{[%emt 00:00:55]} fxg5 {[%clk 01:11:14]} {[%emt 00:00:12]} 26. Nxe5 {[%clk
01:12:13]} {[%emt 00:00:13]} Bg7 {[%clk 01:10:27]} {[%emt 00:01:16]} 27. Nc6
{[%clk 01:12:21]} {[%emt 00:00:23]} Re8 {[%clk 01:10:30]} {[%emt 00:00:27]} 28.
f3 {[%clk 01:12:08]} {[%emt 00:00:42]} Bxb2 {[%clk 01:10:26]} {[%emt 00:00:34]}
29. Rc2 {[%clk 01:12:06]} {[%emt 00:00:33]} Bf6 {[%clk 01:10:17]} {[%emt
00:00:39]} 30. Rcd2 {[%clk 01:11:32]} {[%emt 00:01:04]} Kf7 {[%clk 01:09:40]}
{[%emt 00:01:07]} 31. d6 {[%clk 01:11:40]} {[%emt 00:00:21]} cxd6 {[%clk
01:07:16]} {[%emt 00:02:54]} 32. cxd6 {[%clk 01:12:00]} {[%emt 00:00:11]} Bd8
{[%clk 01:06:23]} {[%emt 00:01:23]} 33. e5 {[%clk 01:11:04]} {[%emt 00:01:26]}
Bb6+ {[%clk 01:06:18]} {[%emt 00:00:36]} 34. Kh1 {[%clk 01:11:13]} {[%emt
00:00:20]} Bd8 {[%clk 01:05:55]} {[%emt 00:00:53]} 35. d7 {[%clk 01:11:17]}
{[%emt 00:00:25]} Rg8 {[%clk 01:05:45]} {[%emt 00:00:39]} 36. Rd6 {[%clk
01:11:11]} {[%emt 00:00:37]} h5 {[%clk 01:04:46]} {[%emt 00:01:29]} 37. e6+
{[%clk 01:11:31]} {[%emt 00:00:11]} Kg7 {[%clk 01:04:51]} {[%emt 00:00:24]} 38.
e7 {[%clk 01:11:53]} {[%emt 00:00:08]} Bb6 {[%clk 01:04:22]} {[%emt 00:01:00]}
39. d8=Q {[%clk 01:11:48]} {[%emt 00:00:35]} Bxd8 {[%clk 01:04:42]} {[%emt
00:00:10]} 40. exd8=Q {[%clk 01:12:11]} {[%emt 00:00:07]} Raxd8 {[%clk
01:04:51]} {[%emt 00:00:21]} 41. Rxd8 {[%clk 01:12:32]} {[%emt 00:00:10]} Rxd8
{[%clk 01:05:10]} {[%emt 00:00:11]} 42. Rxd8 {[%clk 01:12:53]} {[%emt
00:00:08]} a5 {[%clk 01:05:23]} {[%emt 00:00:17]} 43. Kg1 {[%clk 01:13:15]}
{[%emt 00:00:08]} b4 {[%clk 01:05:29]} {[%emt 00:00:25]} 44. Kf2 {[%clk
01:13:42]} {[%emt 00:00:03]} a4 {[%clk 01:05:50]} {[%emt 00:00:09]} 45. Ke3
{[%clk 01:14:05]} {[%emt 00:00:07]} b3 {[%clk 01:06:07]} {[%emt 00:00:13]} 46.
axb3 {[%clk 01:14:26]} {[%emt 00:00:08]} axb3 {[%clk 01:06:30]} {[%emt
00:00:07]} 47. Ke4 {[%clk 01:14:48]} {[%emt 00:00:09]} b2 {[%clk 01:06:52]}
{[%emt 00:00:08]} 48. Rb8 {[%clk 01:15:03]} {[%emt 00:00:13]} b1=B+ {[%clk
01:07:09]} {[%emt 00:00:12]} 49. Rxb1 {[%clk 01:15:23]} {[%emt 00:00:12]} g4
{[%clk 01:07:32]} {[%emt 00:00:07]} 50. Rb7+ {[%clk 01:15:46]} {[%emt
00:00:07]} Kh6 {[%clk 01:07:47]} {[%emt 00:00:14]} 51. f4 {[%clk 01:16:00]}
{[%emt 00:00:16]} g3 {[%clk 01:08:08]} {[%emt 00:00:10]} 52. f5 {[%clk
01:16:13]} {[%emt 00:00:17]} h4 {[%clk 01:08:25]} {[%emt 00:00:13]} 53. f6
{[%clk 01:16:09]} {[%emt 00:00:34]} h3 {[%clk 01:08:39]} {[%emt 00:00:15]} 54.
f7 {[%clk 01:16:21]} {[%emt 00:00:18]} Kg7 {[%clk 01:09:00]} {[%emt 00:00:08]}
55. gxh3 {[%clk 01:16:33]} {[%emt 00:00:19]} g2 {[%clk 01:09:05]} {[%emt
00:00:25]} 56. Rb1 {[%clk 01:16:46]} {[%emt 00:00:18]} Kxf7 {[%clk 01:09:28]}
{[%emt 00:00:06]} 57. Ne5+ {[%clk 01:17:06]} {[%emt 00:00:10]} Kg7 {[%clk
01:09:13]} {[%emt 00:00:45]} 58. Rg1 {[%clk 01:17:20]} {[%emt 00:00:16]} Kh6
{[%clk 01:09:24]} {[%emt 00:00:19]} 59. Rxg2 {[%clk 01:17:43]} {[%emt
00:00:07]} Kh5 {[%clk 01:09:19]} {[%emt 00:00:35]} 60. Rxg6 {[%clk 01:18:00]}
{[%emt 00:00:14]} Kh4 {[%clk 01:09:20]} {[%emt 00:00:28]} 61. Kf4 {[%clk
01:16:21]} {[%emt 00:02:09]} Kh5 {[%clk 01:09:04]} {[%emt 00:00:47]} 62. Rg8
{[%clk 01:16:29]} {[%emt 00:00:21]} Kh6 {[%clk 01:08:12]} {[%emt 00:01:22]} 63.
Kf5 {[%clk 01:16:43]} {[%emt 00:00:14]} Kh7 {[%clk 01:08:27]} {[%emt 00:00:18]}
64. Rg4 {[%clk 01:16:59]} {[%emt 00:00:13]} Kh6 {[%clk 01:07:01]} {[%emt
00:01:56]} 65. Nf3 {[%clk 01:17:18]} {[%emt 00:00:12]} Kh7 {[%clk 01:07:15]}
{[%emt 00:00:15]} 66. Kf6 {[%clk 01:17:39]} {[%emt 00:00:09]} Kh8 {[%clk
01:02:43]} {[%emt 00:05:01]} 67. Kf7 {[%clk 01:17:59]} {[%emt 00:00:11]} Kh7
{[%clk 01:00:52]} {[%emt 00:01:50]} 1-0

[Event "DEM U10 2024"]
[Site "Willingen GER"]
[Date "2024.05.24"]
[Round "10"]
[White "Wittenberger, Henri"]
[Black "Jung, Michael"]
[Result "1/2-1/2"]
[Termination "normal"]
[Board "18"]
[WhiteElo "1210"]
[BlackElo "1363"]
[WhiteClock "00:50:00"]
[BlackClock "00:42:51"]
[PlyCount "53"]
[WhiteFideId "34691510"]
[BlackFideId "34673873"]
[EventCountry "GER"]
[EventRounds "11"]
[EventType "swiss"]
[EventDate "2024.05.18"]

1. e4 {[%clk 01:15:58]} {[%emt 00:00:01]} c5 {[%clk 01:15:55]} {[%emt
00:00:06]} 2. Bc4 {[%clk 01:16:20]} {[%emt 00:00:07]} e6 {[%clk 01:16:17]}
{[%emt 00:00:08]} 3. d3 {[%clk 01:16:44]} {[%emt 00:00:06]} a6 {[%clk
01:16:34]} {[%emt 00:00:14]} 4. Ne2 {[%clk 01:17:02]} {[%emt 00:00:11]} Nf6
{[%clk 01:16:58]} {[%emt 00:00:07]} 5. O-O {[%clk 01:17:23]} {[%emt 00:00:09]}
Be7 {[%clk 01:17:08]} {[%emt 00:00:21]} 6. Nbc3 {[%clk 01:17:37]} {[%emt
00:00:14]} d5 {[%clk 01:17:31]} {[%emt 00:00:08]} 7. exd5 {[%clk 01:17:54]}
{[%emt 00:00:13]} exd5 {[%clk 01:17:54]} {[%emt 00:00:07]} 8. Bb3 {[%clk
01:18:16]} {[%emt 00:00:07]} O-O {[%clk 01:18:10]} {[%emt 00:00:14]} 9. Bg5
{[%clk 01:18:37]} {[%emt 00:00:08]} b5 {[%clk 01:18:18]} {[%emt 00:00:23]} 10.
Bxf6 {[%clk 01:17:55]} {[%emt 00:01:12]} Bxf6 {[%clk 01:18:35]} {[%emt
00:00:13]} 11. Bxd5 {[%clk 01:18:13]} {[%emt 00:00:12]} Ra7 {[%clk 01:18:51]}
{[%emt 00:00:14]} 12. Be4 {[%clk 01:16:08]} {[%emt 00:02:32]} Be6 {[%clk
01:16:32]} {[%emt 00:02:53]} 13. Qc1 {[%clk 01:11:20]} {[%emt 00:05:18]} b4
{[%clk 01:14:37]} {[%emt 00:02:25]} 14. Nd1 {[%clk 01:10:16]} {[%emt 00:01:34]}
c4 {[%clk 01:08:15]} {[%emt 00:06:52]} 15. Ne3 {[%clk 01:09:21]} {[%emt
00:01:25]} cxd3 {[%clk 01:07:11]} {[%emt 00:01:34]} 16. Bxd3 {[%clk 01:09:27]}
{[%emt 00:00:23]} Qc7 {[%clk 00:59:12]} {[%emt 00:08:29]} 17. Kh1 {[%clk
01:02:11]} {[%emt 00:07:47]} Nd7 {[%clk 00:58:01]} {[%emt 00:01:40]} 18. f4
{[%clk 01:01:40]} {[%emt 00:01:02]} Nc5 {[%clk 00:53:59]} {[%emt 00:04:31]} 19.
Bc4 {[%clk 00:55:29]} {[%emt 00:06:42]} Bxc4 {[%clk 00:53:38]} {[%emt
00:00:50]} 20. Nxc4 {[%clk 00:54:36]} {[%emt 00:01:23]} Na4 {[%clk 00:52:44]}
{[%emt 00:01:25]} 21. Ne5 {[%clk 00:53:31]} {[%emt 00:01:35]} Bxe5 {[%clk
00:52:39]} {[%emt 00:00:34]} 22. fxe5 {[%clk 00:53:40]} {[%emt 00:00:21]} Qxe5
{[%clk 00:52:06]} {[%emt 00:01:04]} 23. Nf4 {[%clk 00:51:29]} {[%emt 00:02:41]}
Qxb2 {[%clk 00:43:19]} {[%emt 00:09:17]} 24. Qxb2 {[%clk 00:50:57]} {[%emt
00:01:02]} Nxb2 {[%clk 00:43:36]} {[%emt 00:00:12]} 25. Rab1 {[%clk 00:51:19]}
{[%emt 00:00:09]} Nc4 {[%clk 00:43:00]} {[%emt 00:01:05]} 26. Rxb4 {[%clk
00:51:03]} {[%emt 00:00:47]} Ne3 {[%clk 00:42:51]} {[%emt 00:00:39]} 27. Rc1
{[%clk 00:50:00]} {[%emt 00:01:32]} 1/2-1/2

[Event "DEM U10 2024"]
[Site "Willingen GER"]
[Date "2024.05.24"]
[Round "10"]
[White "Liu, Yichen"]
[Black "Fabritius, Wolf"]
[Result "1/2-1/2"]
[Termination "normal"]
[Board "19"]
[WhiteElo "1212"]
[BlackElo "1426"]
[WhiteClock "01:03:42"]
[BlackClock "01:12:47"]
[PlyCount "45"]
[WhiteFideId "34677917"]
[BlackFideId "34632603"]
[EventCountry "GER"]
[EventRounds "11"]
[EventType "swiss"]
[EventDate "2024.05.18"]

1. e4 {[%clk 01:15:59]} {[%emt 00:00:02]} e6 {[%clk 01:15:53]} {[%emt
00:00:07]} 2. d4 {[%clk 01:16:17]} {[%emt 00:00:12]} d5 {[%clk 01:16:15]}
{[%emt 00:00:09]} 3. e5 {[%clk 01:16:26]} {[%emt 00:00:21]} c5 {[%clk
01:16:38]} {[%emt 00:00:07]} 4. Nf3 {[%clk 01:16:43]} {[%emt 00:00:13]} Bd7
{[%clk 01:17:00]} {[%emt 00:00:07]} 5. Be3 {[%clk 01:16:52]} {[%emt 00:00:21]}
Qb6 {[%clk 01:17:19]} {[%emt 00:00:11]} 6. b3 {[%clk 01:16:10]} {[%emt
00:01:13]} cxd4 {[%clk 01:17:33]} {[%emt 00:00:15]} 7. Bxd4 {[%clk 01:16:06]}
{[%emt 00:00:33]} Bc5 {[%clk 01:17:52]} {[%emt 00:00:12]} 8. Be2 {[%clk
01:15:00]} {[%emt 00:01:36]} Bb5 {[%clk 01:18:10]} {[%emt 00:00:12]} 9. Bxb5+
{[%clk 01:14:37]} {[%emt 00:00:52]} Qxb5 {[%clk 01:18:24]} {[%emt 00:00:17]}
10. Nc3 {[%clk 01:14:11]} {[%emt 00:00:56]} Qc6 {[%clk 01:16:54]} {[%emt
00:01:59]} 11. O-O {[%clk 01:13:57]} {[%emt 00:00:44]} Ne7 {[%clk 01:16:31]}
{[%emt 00:00:53]} 12. Qd3 {[%clk 01:13:40]} {[%emt 00:00:47]} Nf5 {[%clk
01:16:30]} {[%emt 00:00:32]} 13. Rfd1 {[%clk 01:12:14]} {[%emt 00:01:56]} Nd7
{[%clk 01:16:03]} {[%emt 00:00:56]} 14. Na4 {[%clk 01:10:52]} {[%emt 00:01:51]}
Bxd4 {[%clk 01:15:20]} {[%emt 00:01:14]} 15. Nxd4 {[%clk 01:10:37]} {[%emt
00:00:46]} Nxe5 {[%clk 01:13:48]} {[%emt 00:02:02]} 16. Qxf5 {[%clk 01:05:46]}
{[%emt 00:05:20]} exf5 {[%clk 01:13:46]} {[%emt 00:00:33]} 17. Nxc6 {[%clk
01:06:07]} {[%emt 00:00:08]} Nxc6 {[%clk 01:13:36]} {[%emt 00:00:40]} 18. Rxd5
{[%clk 01:06:07]} {[%emt 00:00:30]} g6 {[%clk 01:13:28]} {[%emt 00:00:38]} 19.
Re1+ {[%clk 01:06:20]} {[%emt 00:00:17]} Kf8 {[%clk 01:13:31]} {[%emt
00:00:27]} 20. Rd2 {[%clk 01:05:51]} {[%emt 00:00:59]} Kg7 {[%clk 01:13:16]}
{[%emt 00:00:45]} 21. Rde2 {[%clk 01:05:51]} {[%emt 00:00:32]} Nd4 {[%clk
01:12:55]} {[%emt 00:00:50]} 22. Rd2 {[%clk 01:05:43]} {[%emt 00:00:38]} Rhe8
{[%clk 01:12:47]} {[%emt 00:00:37]} 23. Kf1 {[%clk 01:03:42]} {[%emt 00:02:31]}
1/2-1/2

[Event "DEM U10 2024"]
[Site "Willingen GER"]
[Date "2024.05.24"]
[Round "10"]
[White "Menke, Xaver Louis"]
[Black "Weßels, Keke"]
[Result "0-1"]
[Termination "normal"]
[Board "20"]
[WhiteElo "1324"]
[BlackElo "1207"]
[WhiteClock "00:50:52"]
[BlackClock "00:32:09"]
[PlyCount "86"]
[WhiteFideId "34663134"]
[BlackFideId "34640045"]
[EventCountry "GER"]
[EventRounds "11"]
[EventType "swiss"]
[EventDate "2024.05.18"]

1. e4 {[%clk 01:15:58]} {[%emt 00:00:02]} c5 {[%clk 01:15:48]} {[%emt
00:00:12]} 2. Nc3 {[%clk 01:13:47]} {[%emt 00:02:40]} e6 {[%clk 01:16:02]}
{[%emt 00:00:17]} 3. f4 {[%clk 01:13:50]} {[%emt 00:00:27]} a6 {[%clk
01:15:15]} {[%emt 00:01:17]} 4. a4 {[%clk 01:13:37]} {[%emt 00:00:43]} d6
{[%clk 01:14:56]} {[%emt 00:00:49]} 5. Nf3 {[%clk 01:12:53]} {[%emt 00:01:13]}
Be7 {[%clk 01:13:59]} {[%emt 00:01:27]} 6. d3 {[%clk 01:11:34]} {[%emt
00:01:50]} Nc6 {[%emt 00:01:26]} 7. Be2 {[%clk 01:11:26]} {[%emt 00:00:27]} Qc7
{[%clk 01:10:32]} {[%emt 00:03:12]} 8. O-O {[%clk 01:10:35]} {[%emt 00:01:20]}
Nf6 {[%clk 01:09:47]} {[%emt 00:01:15]} 9. Qe1 {[%clk 01:10:18]} {[%emt
00:00:48]} O-O {[%clk 01:09:16]} {[%emt 00:01:00]} 10. Qg3 {[%clk 01:09:33]}
{[%emt 00:01:15]} Nd4 {[%clk 01:00:01]} {[%emt 00:09:45]} 11. Bd1 {[%clk
01:09:27]} {[%emt 00:00:36]} Bd7 {[%clk 00:57:26]} {[%emt 00:03:05]} 12. Nxd4
{[%clk 01:08:45]} {[%emt 00:01:11]} cxd4 {[%clk 00:57:18]} {[%emt 00:00:39]}
13. Ne2 {[%clk 01:08:12]} {[%emt 00:01:04]} Qc5 {[%clk 00:55:30]} {[%emt
00:02:13]} 14. b3 {[%clk 01:07:15]} {[%emt 00:01:32]} b5 {[%clk 00:54:15]}
{[%emt 00:01:44]} 15. Bb2 {[%clk 01:06:23]} {[%emt 00:01:23]} Nh5 {[%clk
00:53:46]} {[%emt 00:00:57]} 16. Qh3 {[%clk 01:05:58]} {[%emt 00:00:56]} Nf6
{[%clk 00:51:01]} {[%emt 00:03:16]} 17. Bxd4 {[%clk 01:05:14]} {[%emt
00:01:13]} Qc7 {[%clk 00:50:30]} {[%emt 00:00:48]} 18. Bxf6 {[%clk 01:04:39]}
{[%emt 00:01:17]} Bxf6 {[%clk 00:50:41]} {[%emt 00:00:21]} 19. e5 {[%clk
01:04:34]} {[%emt 00:00:34]} dxe5 {[%clk 00:50:18]} {[%emt 00:00:54]} 20. fxe5
{[%clk 01:04:39]} {[%emt 00:00:24]} Bxe5 {[%clk 00:50:19]} {[%emt 00:00:29]}
21. d4 {[%clk 01:04:44]} {[%emt 00:00:25]} Qb6 {[%clk 00:49:42]} {[%emt
00:01:04]} 22. c3 {[%clk 01:04:24]} {[%emt 00:00:53]} b4 {[%clk 00:48:33]}
{[%emt 00:01:40]} 23. Bc2 {[%clk 01:04:37]} {[%emt 00:00:17]} h6 {[%clk
00:48:33]} {[%emt 00:00:29]} 24. Qd3 {[%clk 01:04:36]} {[%emt 00:00:32]} f5
{[%clk 00:48:06]} {[%emt 00:00:57]} 25. cxb4 {[%clk 01:04:25]} {[%emt
00:00:41]} Bd6 {[%clk 00:46:54]} {[%emt 00:01:42]} 26. Kh1 {[%clk 01:03:05]}
{[%emt 00:01:50]} Qxb4 {[%clk 00:46:43]} {[%emt 00:00:41]} 27. Rad1 {[%clk
01:02:00]} {[%emt 00:01:34]} Rac8 {[%clk 00:44:22]} {[%emt 00:02:51]} 28. Rc1
{[%clk 01:01:08]} {[%emt 00:01:22]} Rc7 {[%clk 00:42:30]} {[%emt 00:02:23]} 29.
Qxa6 {[%clk 01:00:56]} {[%emt 00:00:41]} Rfc8 {[%emt 00:01:42]} 30. Qd3 {[%clk
01:00:11]} {[%emt 00:00:45]} Be7 {[%clk 00:40:14]} {[%emt 00:02:05]} 31. Bb1
{[%clk 00:59:13]} {[%emt 00:01:28]} Rxc1 {[%clk 00:39:58]} {[%emt 00:00:44]}
32. Nxc1 {[%clk 00:59:27]} {[%emt 00:00:17]} Bg5 {[%emt 00:00:51]} 33. Ne2
{[%clk 00:57:49]} {[%emt 00:02:04]} Be8 {[%clk 00:38:26]} {[%emt 00:01:45]} 34.
h3 {[%clk 00:57:48]} {[%emt 00:00:32]} Bh5 {[%clk 00:38:23]} {[%emt 00:00:33]}
35. Ng3 {[%clk 00:55:20]} {[%emt 00:02:57]} Rc3 {[%clk 00:38:05]} {[%emt
00:00:48]} 36. Qa6 {[%clk 00:54:12]} {[%emt 00:01:39]} Rxg3 {[%clk 00:37:22]}
{[%emt 00:01:12]} 37. Qxe6+ {[%clk 00:54:22]} {[%emt 00:00:20]} Bf7 {[%clk
00:35:43]} {[%emt 00:02:10]} 38. Qxf5 {[%emt 00:03:35]} Bf6 {[%clk 00:33:40]}
{[%emt 00:00:10]} 39. Qh7+ {[%clk 00:52:00]} {[%emt 00:02:09]} Kf8 {[%clk
00:33:50]} {[%emt 00:00:20]} 40. Qe4 {[%clk 00:51:17]} {[%emt 00:01:13]} Qa5
{[%clk 00:32:11]} {[%emt 00:02:04]} 41. Qc6 {[%clk 00:51:11]} {[%emt 00:00:42]}
Rxh3+ {[%clk 00:32:12]} {[%emt 00:00:28]} 42. Kg1 {[%clk 00:50:59]} {[%emt
00:00:42]} Bxd4+ {[%clk 00:32:18]} {[%emt 00:00:24]} 43. Rf2 {[%clk 00:50:52]}
{[%emt 00:00:38]} Qe1# {[%clk 00:32:09]} {[%emt 00:00:09]} 0-1

[Event "DEM U10 2024"]
[Site "Willingen GER"]
[Date "2024.05.24"]
[Round "10"]
[White "Elli, Emeric"]
[Black "Chychkan, Pavlo"]
[Result "1-0"]
[Termination "normal"]
[Board "21"]
[WhiteElo "1164"]
[BlackElo "1323"]
[WhiteClock "00:54:03"]
[BlackClock "00:48:39"]
[PlyCount "57"]
[WhiteFideId "533001790"]
[BlackFideId "533001758"]
[EventCountry "GER"]
[EventRounds "11"]
[EventType "swiss"]
[EventDate "2024.05.18"]

1. e4 {[%clk 01:15:57]} {[%emt 00:00:02]} e5 {[%clk 01:15:55]} {[%emt
00:00:06]} 2. Nf3 {[%clk 01:15:52]} {[%emt 00:00:36]} Nc6 {[%clk 01:16:16]}
{[%emt 00:00:09]} 3. Bc4 {[%clk 01:15:39]} {[%emt 00:00:42]} Bc5 {[%clk
01:16:38]} {[%emt 00:00:08]} 4. Nc3 {[%clk 01:15:40]} {[%emt 00:00:29]} Nf6
{[%clk 01:16:27]} {[%emt 00:00:42]} 5. d3 {[%clk 01:15:44]} {[%emt 00:00:26]}
d6 {[%clk 01:16:29]} {[%emt 00:00:27]} 6. Bg5 {[%clk 01:13:26]} {[%emt
00:02:47]} Be6 {[%clk 01:16:44]} {[%emt 00:00:16]} 7. Bb3 {[%clk 01:11:50]}
{[%emt 00:02:07]} h6 {[%clk 01:16:49]} {[%emt 00:00:24]} 8. Be3 {[%clk
01:10:42]} {[%emt 00:01:37]} Nd7 {[%clk 01:16:45]} {[%emt 00:00:34]} 9. d4
{[%clk 01:07:37]} {[%emt 00:03:35]} Bb6 {[%clk 01:15:22]} {[%emt 00:01:54]} 10.
d5 {[%clk 01:07:24]} {[%emt 00:00:43]} Bxd5 {[%clk 01:13:47]} {[%emt 00:02:04]}
11. Nxd5 {[%emt 00:05:05]} Ne7 {[%clk 01:09:23]} {[%emt 00:00:08]} 12. Nxb6
{[%clk 01:07:41]} {[%emt 00:00:25]} axb6 {[%clk 01:09:27]} {[%emt 00:00:26]}
13. Qd2 {[%clk 01:07:19]} {[%emt 00:00:51]} Nf6 {[%clk 01:08:50]} {[%emt
00:01:07]} 14. h3 {[%clk 01:06:43]} {[%emt 00:01:06]} Nxe4 {[%clk 01:08:59]}
{[%emt 00:00:22]} 15. Qd3 {[%clk 01:05:27]} {[%emt 00:01:45]} Nf6 {[%clk
01:07:44]} {[%emt 00:01:45]} 16. O-O-O {[%clk 01:04:53]} {[%emt 00:01:05]} O-O
{[%clk 01:05:21]} {[%emt 00:00:49]} 17. Qd2 {[%clk 01:03:50]} {[%emt 00:03:36]}
Qd7 {[%clk 01:01:38]} {[%emt 00:04:13]} 18. Nxe5 {[%clk 01:03:07]} {[%emt
00:01:13]} Qb5 {[%clk 01:00:08]} {[%emt 00:01:59]} 19. Nc4 {[%clk 00:58:56]}
{[%emt 00:01:45]} Qc6 {[%clk 00:57:21]} {[%emt 00:06:13]} 20. Rhg1 {[%clk
00:58:28]} {[%emt 00:00:59]} Qe4 {[%clk 00:54:47]} {[%emt 00:03:05]} 21. Rde1
{[%clk 00:57:40]} {[%emt 00:01:17]} Qc6 {[%clk 00:53:34]} {[%emt 00:01:40]} 22.
g4 {[%clk 00:55:32]} {[%emt 00:02:41]} Rfd8 {[%clk 00:51:34]} {[%emt 00:02:31]}
23. Bxh6 {[%clk 00:55:43]} {[%emt 00:00:19]} gxh6 {[%clk 00:50:29]} {[%emt
00:01:35]} 24. Rxe7 {[%clk 00:56:03]} {[%emt 00:00:09]} Nd5 {[%clk 00:50:39]}
{[%emt 00:00:21]} 25. Ree1 {[%clk 00:55:10]} {[%emt 00:01:22]} Qc5 {[%clk
00:49:05]} {[%emt 00:02:05]} 26. Qxh6 {[%clk 00:54:14]} {[%emt 00:01:25]} Qxf2
{[%clk 00:48:54]} {[%emt 00:00:41]} 27. Qg5+ {[%clk 00:54:33]} {[%emt
00:00:11]} Kf8 {[%clk 00:48:19]} {[%emt 00:01:06]} 28. Qxd5 {[%clk 00:54:43]}
{[%emt 00:00:20]} Re8 {[%clk 00:48:39]} {[%emt 00:00:10]} 29. Ref1 {[%clk
00:54:03]} {[%emt 00:01:10]} 1-0